| 000 | 00799nam a22002657a 4500 | ||
|---|---|---|---|
| 001 | 000651 | ||
| 003 | DO-SdBNP | ||
| 005 | 20180209095716.0 | ||
| 007 | 000651 | ||
| 008 | 161108b 1994 sp a ||||| |||| 00| 0 spa d | ||
| 020 | _a8426325343 | ||
| 040 |
_aBPMSU _bspa _cBPMSU |
||
| 100 | 1 | _aRouco, Fina | |
| 245 | 1 | 0 |
_a¡Ay, cuando se lo cuente a Eugenia! / _cFina Rouco ; ilustrado por Manuel Uhía ; traducción, Xulio Cobas Brenlla. |
| 250 | _a2ª ed. | ||
| 260 |
_aZaragoza : _bEdelvives, _c1994. |
||
| 300 |
_a101 p. : _bil. _c20 cm. |
||
| 490 | 1 |
_aAla delta _v165 |
|
| 700 | 1 | 2 |
_aUhía, Manolo, _d1944- _eil. |
| 700 | 1 | 2 |
_aCobas Brenlla, Xulio, _etr. |
| 830 | 0 |
_aAla delta ; _v165 |
|
| 942 |
_2ddc _cBK |
||
| 945 | _aInventariado, 2018 /LP | ||
| 956 |
_aLOPEREZ _b10 _c20161108 _hBPMSU |
||
| 999 |
_c11836 _d11836 |
||